| 000 | 00360 a2200121 4500 | ||
|---|---|---|---|
| 082 |
_a707.956.9 _bAS825h1 |
||
| 110 |
_aAshkal Alwan _9748 |
||
| 245 | _aHome Workspace Program 2012-2013 | ||
| 260 |
_aBeirut, Lebanon _bAshkal Alwan _c2012 |
||
| 300 |
_a16 p _c21 cm |
||
| 650 |
_xexhibicion-programa _xarte _xhome workspace forum _zlibano _9749 |
||
| 710 |
_aAshkal Alwan _9750 |
||
| 999 |
_c155 _d155 |
||